000 00985nac a22003730a 4500
001 PT38188
003 AR-LpoUNG
005 20210201005355.0
008 201001s2004||||ag |||||||||||||||||spa d
020 _a9500515253
_c$14.65
040 _aAR-LpoUNG
_bspa
_eaacr
041 _aspa
044 _aag
082 0 _aR791.43 686v2
100 1 _aManrupe, Raúl
245 1 3 _aUn diccionario de films argentinos II (1996 - 2002)
250 _a1§ edición
260 _aBuenos Aires :
_bCorregidor,
_c2004.
300 _axxii, 309 p. :
_bil.
_3Impreso
505 0 _aLectura en sala:00044845-00044846
650 4 _aANALISIS HISTORICO
650 4 _aARGENTINA
650 4 _aASPECTOS TECNICOS
650 4 _aCINE
650 4 _aCRITICA
650 4 _aDICCIONARIOS
650 4 _aINDUSTRIA CINEMATOGRAFICA
650 4 _aMATERIAL DE REFERENCIA
650 4 _aPELICULAS
651 4 _aArgentina
700 1 _aPortela, María Alejandra
905 _a38188
942 _cLSALA
999 _c49322
_d49322